000 00528nam a22001937a 4500
005 20220413162816.0
008 220413b ||||| |||| 00| 0 eng d
020 _a8190383752
040 _cAL
041 _aEnglish
082 _223
_a323.092
_bSAHP
100 _aVinay Sahasrabuddhe
_929984
245 _aLeader with a Vision
260 _aMumbai
_bRambhau Mhalgi Prabodhini
_c2007
300 _a307 p.
_bHB
_c23x15 cm.
650 _a Pramod Mahajan
_929985
700 _aSAHASRABUDDHE (Vinay) Ed
_929986
942 _2ddc
_cGF
999 _c222442
_d222442